<?xml version="1.0" encoding="UTF-8"?><?xml-stylesheet type="text/xsl" href="static/style.xsl"?><OAI-PMH xmlns="http://www.openarchives.org/OAI/2.0/" xmlns:xsi="http://www.w3.org/2001/XMLSchema-instance" xsi:schemaLocation="http://www.openarchives.org/OAI/2.0/ http://www.openarchives.org/OAI/2.0/OAI-PMH.xsd"><responseDate>2026-06-02T21:42:42Z</responseDate><request verb="GetRecord" identifier="oai:riuma.uma.es:10630/11065" metadataPrefix="marc">https://riuma.uma.es/rest/oai/request</request><GetRecord><record><header><identifier>oai:riuma.uma.es:10630/11065</identifier><datestamp>2026-02-03T12:08:54Z</datestamp><setSpec>com_10630_2254</setSpec><setSpec>col_10630_37959</setSpec></header><metadata><record xmlns="http://www.loc.gov/MARC21/slim" xmlns:dcterms="http://purl.org/dc/terms/" xmlns:doc="http://www.lyncode.com/xoai" xmlns:xsi="http://www.w3.org/2001/XMLSchema-instance" xsi:schemaLocation="http://www.loc.gov/MARC21/slim http://www.loc.gov/standards/marcxml/schema/MARC21slim.xsd">
   <leader>00925njm 22002777a 4500</leader>
   <datafield ind2=" " ind1=" " tag="042">
      <subfield code="a">dc</subfield>
   </datafield>
   <datafield ind2=" " ind1=" " tag="720">
      <subfield code="a">Martí-Vilar, Manuel</subfield>
      <subfield code="e">author</subfield>
   </datafield>
   <datafield ind2=" " ind1=" " tag="260">
      <subfield code="c">2016-03-14</subfield>
   </datafield>
   <datafield ind2=" " ind1=" " tag="520">
      <subfield code="a">La aportación se enmarca dentro del proyecto de Innovación Educativa PIE15-097 de la Universidad de Málaga acerca de la Evaluación formativa de competencias en la docencia teórico-práctico, con el apoyo de TIC y campus virtual en diferentes ramas de conocimiento. &#xd;
En la misma se presentan una experiencia de innovación conectivista en la  metodología docente, que supone un cambio en el proceso de enseñanza-aprendizaje e incentiva las buenas prácticas de docentes y alumnado.  Se presentan diferentes tipos de actividades de trabajo individual y grupal que facilitan, en el alumnado, la adquisición de competencias específicas y transversales, fomentando el uso de las TIC y del Campus Virtual en la docencia y en el aprendizaje, difundiendo los resultados obtenidos por el alumnado en las redes sociales.&#xd;
La propuesta metodológica que se presenta prioriza la integración de las TIC y del Campus Virtual como apoyo de entornos de comunicación didáctica, fomentando la cultura emprendedora con nuevos métodos de evaluación de competencias que tratan de prestar una atención educativa a estudiantes con discapacidad y fomentando la inclusión educativa.</subfield>
   </datafield>
   <datafield ind1="8" ind2=" " tag="024">
      <subfield code="a">http://hdl.handle.net/10630/11065</subfield>
   </datafield>
   <datafield tag="653" ind2=" " ind1=" ">
      <subfield code="a">Evaluación educativa</subfield>
   </datafield>
   <datafield ind2="0" ind1="0" tag="245">
      <subfield code="a">Competent: Una experiencia conectivista de evaluación formativa y desarrollo de competencias en el EEES</subfield>
   </datafield>
</record>
</metadata></record></GetRecord></OAI-PMH>